Countries of Europe that have a city with over 1 million people - Statistics

General Stats
  • This quiz has been taken 1,296 times
  • The average score is 14 of 15
Answer Stats
Answer % Correct
United Kingdom
99%
France
98%
Germany
98%
Italy
98%
Russia
98%
Spain
98%
Poland
95%
Austria
91%
Ukraine
91%
Romania
90%
Hungary
89%
Czech Republic
83%
Serbia
83%
Bulgaria
82%
Belarus
81%
No matching quizzes found
Score Distribution
Percent of People with Each Score
Percentile by Number Answered
Your Score History
You have not taken this quiz